Normal view
MARC view
Entry Personal Name
001 - CONTROL NUMBER
- control field: 41003
003 - CONTROL NUMBER IDENTIFIER
- control field: ARRUPE
005 - DATE AND TIME OF LATEST TRANSACTION
- control field: 20180326114248.0
008 - FIXED-LENGTH DATA ELEMENTS
- fixed length control field: 180326|| aca||aabn | a|a d
040 ## - CATALOGING SOURCE
- Original cataloging agency: ARRUPE
- Transcribing agency: ARRUPE
100 ## - HEADING--PERSONAL NAME
- Personal name: Markova, Dawna,
- Dates associated with a name: 1942-
670 ## - SOURCE DATA FOUND
- Source citation: Work cat.: (ARRUPE)0: Markova, Dawna, 1942-, The open mind :, c1996.